000 00546nam a2200181 i 4500
001 41064
003 ES-MaACL
005 20251015063052.0
007 t|
008 030307s1875 fr ||||1| fre d
100 1 _aCartier, Étienne,
_d1813-1887
_935897
245 1 0 _aÉtude sur l'art Chrétien /
_cE. Cartier.
260 _aParis :
_bFirmin-Didot, frères, fils et Cie,
_c1875.
300 _aVIII, 90 p., [8] h. de lám. ;
_c27 cm.
650 7 _aArte cristiano
_2
_9135612
852 _aES-MaACL
_jT-323-F-2
999 _c41064
_d41064